Musa pedestris : metre and meaning in roman verse /

Guardado en:
Autor Principal: Morgan, Llewelyn
Formato: Libro
Publicado: New York : Oxford University Press, 2010
Materias:
Etiquetas: Agregar Etiqueta
Sin Etiquetas, Sea el primero en etiquetar este registro!
LEADER 00586nam a22001815a 4500
001 EHU.bham045447
003 AR-BHAM
005 20181205114404.0
008 130507s2010##################000#0#####d
020 |a 9780199554188 
082 8 7 |a 871.07 
100 1 |a Morgan, Llewelyn 
245 1 0 |a Musa pedestris :  |b metre and meaning in roman verse /  |c  Llewelyn Morgan 
260 |a New York :  |b Oxford University Press,  |c 2010 
300 |a 412 p. 
653 |a Literatura latina-estudios sobre 
653 |a Poesía latina-estudios sobre 
859 |a AR-BHAM  |b BIB. HUMANIDADES - General  |h 871.07  |i M821  |p 266.18  |t Ej.1